| 000 | 00649cam a2200193 4500 | ||
|---|---|---|---|
| 001 | D15415 | ||
| 008 | 090401t1977 xxu||||| |||| 00| 0 eng d | ||
| 035 | _a(Sirsi) u22637 | ||
| 041 | _aeng | ||
| 050 | _a711.52 | ||
| 110 |
_aRoyal Institution of Chartered Surveyors _94900 |
||
| 245 | 4 | _aThe future of our inner city areas: Planning and Development Division study day, London, 20 May 1977 | |
| 260 |
_bRICS _c1977 |
||
| 350 | _a0 | ||
| 520 | _a3 papers, RICS memorandum on inner city regeneration (GCPA/Report (77)9); Filed in Archives box 1977/9 ABC | ||
| 710 |
_aPlanning and Development Division _9784 |
||
| 942 | _n0 | ||
| 948 | _c04/03/1997 | ||
| 999 |
_c88221 _d88221 |
||